| 000 | 00803nam a2200193 4500 | ||
|---|---|---|---|
| 999 |
_c8301 _d8301 |
||
| 001 | 21820 | ||
| 003 | BD-DhUAP | ||
| 005 | 20230529171408.0 | ||
| 008 | 230529b20202021bg a|||| |||| 001 0aBan d | ||
| 020 | _a9789843483942 | ||
| 040 |
_aBD-DhUAP _bBan _cBD-DhUAP _dBD-DhUAP |
||
| 082 |
_222 _a338.04 হোসেন |
||
| 100 | _aহোসেন, সাজ্জাদ | ||
| 245 |
_aঅদম্য বাংলাদেশ / _cসাজ্জাদ হোসেন । |
||
| 260 |
_aঢাকা. : _bপ্রথম পালক পাব. _c২০২১. |
||
| 300 |
_a১২৬ পৃ. _c২২সেমি: |
||
| 650 |
_aঅর্থনৈতিক উন্নয়ন অর্থনৈতিক উন্নয়ন - প্রবন্ধাবলী _zবাংলাদেশ । |
||
| 942 |
_2ddc _cBK |
||